| 000 | 00899naa a22002657a 4500 | ||
|---|---|---|---|
| 001 | BR9301673 | ||
| 003 | BR-BrBNA | ||
| 005 | 20240918181019.0 | ||
| 007 | ta | ||
| 008 | 230509b bl.||||| |||| 00| 0 por d | ||
| 040 |
_aBR-BrBNA _bpor _cBiblioteca Nacional de Agricultura |
||
| 041 | _a(Pt) | ||
| 072 |
_aH20 _b3875 |
||
| 090 | _aH20 BR9301673 | ||
| 100 | 1 | _aSaavedra, J.G.A. | |
| 245 | 1 | _aOs fungicidas sistemicos e o controle de doencas na agricultura | |
| 260 | 3 |
_aCruz das Almas, BA (Brasil): _c1977. |
|
| 500 | _aInforme cientifico anual, no. 1 Cruz das Almas, BA (Brasil): 1977. p. 125-133 (BR9301673-AM)H20 | ||
| 650 | _aDoenca de Planta | ||
| 650 | _aFungicida Sistemico | ||
| 650 | _aControle Quimico | ||
| 773 | 0 |
_tInforme cientifico anual, no. 1 _wH20 BR9301673 _gCruz das Almas, BA (Brasil), 1977. p. 125-133 |
|
| 909 |
_a202404 _bLucia _c55 _dLucia Elande |
||
| 942 |
_cAM _2AGRIS |
||
| 999 |
_c323194 _d323194 |
||